Statistics for TV Shows Clues #1

Click here to take the quiz!

General Stats

  • This quiz has been taken 653 times
  • The average score is 8 of 15

Answer Stats

HintAnswer% Correct
Jennifer Aniston, 6 friends, series finishedFriends
97%
Jason Segel, 5 friends, 1 barHow I Met Your Mother
79%
Dan Castellaneta (voice), yellow characters, bart-lisa-maggie-homer-margeThe Simpsons
79%
Jim Parsons, nerds, scienceThe Big Bang Theory
77%
Côte De Pablo, navy cops, 12 seasonsNCIS
69%
Ed O'Neil, grampa Jay, gay sonModern Family
66%
Brad Garrett, brother of Ray, son of Marie and FrankEverybody Loves Raymond
57%
Scott Caan, remake from 1968 series, hawaiiHawaii Five 0
38%
Chad Michael Murray, music, basketballOne Tree Hill
36%
LL Cool J, navy cop, undercover opsNCIS: Los Angeles
34%
Scott Bakula, latest spin-off of NCIS, navy copNCIS: New Orleans
33%
Lauren German, ambulance 61, in firehouse 51Chicago Fire
31%
Clark Gregg, Tahiti, shieldAgents Of SHIELD
30%
Sophia Bush, cop, same character on 3 different showsChicago P.D
21%
Will Arnett, divorced parents, news reporterThe Millers
8%

Score Distribution

Percentile by Number Answered

Percent of People with Each Score

Your Score History

You have not taken this quiz